| 000 | 00644nam a2200241Ia 4500 | ||
|---|---|---|---|
| 003 | OSt | ||
| 005 | 20220912151737.0 | ||
| 006 | a|||||r|||| 00| 0 | ||
| 007 | ta | ||
| 008 | 220909b |||||||| |||| 00| 0 eng d | ||
| 024 | _a47923 | ||
| 037 | _cTextual | ||
| 040 |
_aCSL _beng _cCSL |
||
| 041 | _aeng | ||
| 082 | _aG:55.235.g7m, N1 | ||
| 100 | _aDikshit K R | ||
| 245 | 0 | _aEnvironment, forest ecology and man in the western ghats | |
| 260 |
_aNew Delhi _b Rawat Pub _c1991 |
||
| 300 |
_a213p. _ccm. |
||
| 650 | _aEnvironment | ||
| 942 |
_hG:55.235.g7m, N1 _cTEXL _2CC |
||
| 999 |
_c74396 _d74396 |
||